The constitution: that delicate balance

Uloženo v:
Podrobná bibliografie
Hlavní autoři: Friendly, Fred W (Autor), Elliott, Martha J (Autor)
Médium: Kniha
Jazyk:španělština
Vydáno: Nueva York Random House 1984
Témata:
Tagy: Přidat tag
Žádné tagy, Buďte první, kdo vytvoří štítek k tomuto záznamu!

MARC

LEADER 00000nam a2200000 a 4500
001 UCT9708
003 CL-VaPUC
008 970411e19840000US |||||||||||||||||spa|d
082 0 4 |a 342.73  |b FRI  |2 21 
100 0 |a Friendly, Fred W  |e author  |9 382642 
700 0 |a Elliott, Martha J  |e author  |9 382643 
245 1 4 |a The constitution: that delicate balance 
300 |a 339 p 
942 |c BK 
945 |d 19970411 00:00:00  |a paguirre 
260 |a Nueva York  |b Random House  |c 1984 
650 0 |a Constituciones  |9 255417 
650 0 |a Derecho constitucional   |9 222588 
650 0 |a Derechos civiles y políticos   |9 338684 
650 7 |a DERECHO A LA LIBERTAD DE EXPRESION  |2 CL-VaPUC  |9 345571 
650 0 |a Elecciones  |9 254997 
650 7 |a LIBERTAD RELIGIOSA  |2 CL-VaPUC  |9 382644 
651 0 |a Estados Unidos  |9 255178 
583 |a last modification  |c 19970411 00:00:00  |k Rodrigo Vera 
999 |c 258087  |d 258085 
952 |0 0  |1 0  |4 0  |6 342_730000000000000_FRI_1984  |7 0  |8 A  |9 281884  |a BIBDER  |b BIBDER  |d 2019-11-19  |i 1828932  |o 342.73 FRI 1984  |p 1828932  |r 2023-01-25  |w 2019-11-19  |y BK  |k DER